000
00245nam a2200097Ia 4500
001
838709
005
20250826172557.0
008
250824s9999 xx 000 0 und d
245
0
_a
SÜPER DÖNÜŞÜM
_c
ASENA MERİÇ
260
_b
YEDİVEREN YAYINLARI
999
_c
838709
_d
838709